The Securities Market in Pakistan (Record no. 345733)
[ view plain ]
| 000 -LEADER | |
|---|---|
| fixed length control field | 00359 a2200145 4500 |
| 082 ## - DEWEY DECIMAL CLASSIFICATION NUMBER | |
| Classification number | 332.63295491 |
| 090 ## - LOCALLY ASSIGNED LC-TYPE CALL NUMBER (OCLC); LOCAL CALL NUMBER (RLIN) | |
| -- | 3245 |
| -- | 3245 |
| 100 ## - MAIN ENTRY--PERSONAL NAME | |
| Personal name | Khan,M S. |
| 245 ## - TITLE STATEMENT | |
| Title | The Securities Market in Pakistan |
| Statement of responsibility, etc. | M S Khan |
| 250 ## - EDITION STATEMENT | |
| Edition statement | 1st |
| 260 ## - PUBLICATION, DISTRIBUTION, ETC. | |
| Place of publication, distribution, etc. | Karachi |
| Name of publisher, distributor, etc. | Royal Book Company |
| Date of publication, distribution, etc. | 1993 |
| 300 ## - PHYSICAL DESCRIPTION | |
| Extent | 113p |
| 500 ## - GENERAL NOTE | |
| General note | Hard cover |
| 942 ## - ADDED ENTRY ELEMENTS (KOHA) | |
| Institution code [OBSOLETE] | NBS |
| Koha item type | Book |
| Call number prefix | 332.63295491 KHA |
| Withdrawn status | Lost status | Damaged status | Not for loan | Permanent Location | Current Location | Date acquired | Total Checkouts | Full call number | Barcode | Date last seen | Date last checked out | Price effective from | Koha item type |
|---|---|---|---|---|---|---|---|---|---|---|---|---|---|
| Central Library (CL) | Central Library (CL) | 08/28/2013 | 2 | 332.63295491 KHA | NBS2314 | 08/25/2024 | 05/26/2024 | 08/28/2013 | Book |
